[Event "CAN-op"]
[Site "Edmonton CAN"]
[Date "2009.07.18"]
[Round "8.73"]
[White "McKay, Tom"]
[Black "McKay, Arnold"]
[Result "1/2-1/2"]
[WhiteElo "1614"]
[BlackElo "1889"]
[PlyCount "79"]
[GameId "2160767910156312"]
[EventDate "2009.07.11"]
[EventType "swiss"]
[EventRounds "9"]
[EventCountry "CAN"]
[SourceTitle "hb 2009.08"]

1. e4 c5 2. Nf3 Nc6 3. d4 cxd4 4. Nxd4 Nf6 5. Nc3 d6 6. Be2 Bd7 7. Be3 e6 8. Qd2 a6 9. O-O Be7 10. f4 O-O 11. Kh1 e5 12. Nf3 Ng4 13. Bg1 f5 14. exf5 Bxf5 15. h3 Nh6 16. fxe5 dxe5 17. Rad1 Qxd2 18. Rxd2 Bb4 19. a3 Bxc3 20. bxc3 Rad8 21. Bc4+ Kh8 22. Bb3 Bg6 23. Rfd1 Nf5 24. Kh2 Rde8 25. Rd7 e4 26. Ne1 Rd8 27. Bb6 Rxd7 28. Rxd7 Nfe7 29. Kg1 Rb8 30. Bc5 Bf5 31. Rc7 Ng6 32. g4 Bc8 33. Bd5 Nge5 34. Bxe4 h5 35. Bf5 Bxf5 36. gxf5 b6 37. Bf2 b5 38. Kg2 Rf8 39. Bg3 Rxf5 40. Nd3 1/2-1/2

[Event "CAN-op"]
[Site "Edmonton CAN"]
[Date "2009.07.18"]
[Round "8.74"]
[White "Miller, David"]
[Black "Shanker, Raman"]
[Result "1-0"]
[WhiteElo "1450"]
[BlackElo "1839"]
[PlyCount "135"]
[GameId "2160767910156313"]
[EventDate "2009.07.11"]
[EventType "swiss"]
[EventRounds "9"]
[EventCountry "CAN"]

1. e4 e6 2. d4 d5 3. exd5 exd5 4. Nc3 Nf6 5. Nf3 c6 6. Bf4 Be7 7. Qd2 Bf5 8. O-O-O O-O 9. Be2 Bb4 10. Bg5 Nbd7 11. a3 Bxc3 12. Qxc3 Ne4 13. Bxd8 Nxc3 14. bxc3 Raxd8 15. Nd2 Nf6 16. f3 Rfe8 17. Rhe1 Bg6 18. Nb3 Re3 19. Kd2 Rde8 20. Na5 Bxc2 21. Rc1 Bg6 22. Nxb7 R3e6 23. Nc5 R6e7 24. Ba6 Kf8 25. Rxe7 Rxe7 26. Bb7 Rc7 27. Re1 Ne8 28. Bxc6 Nf6 29. Ba4 Re7 30. Rxe7 Kxe7 31. Ke3 Kd6 32. Nd3 Bf5 33. Bb3 Bd7 34. Ne5 Be8 35. c4 dxc4 36. Bxc4 Nd5+ 37. Kd2 f6 38. Nd3 Nc7 39. Nf4 h6 40. Kc3 g5 41. Nd3 Nb5+ 42. Bxb5 Bxb5 43. Nb4 Bf1 44. g3 Bg2 45. f4 Bf3 46. fxg5 hxg5 47. Kd3 Bg2 48. Ke3 Bb7 49. h4 gxh4 50. gxh4 a5 51. Nd3 Bd5 52. h5 Bg8 53. Nf4 Bh7 54. Ng6 Kd5 55. Nf8 Bg8 56. h6 f5 57. h7 Bxh7 58. Nxh7 f4+ 59. Kd3 f3 60. Nf6+ Kc6 61. Ne4 Kb5 62. d5 f2 63. Nxf2 Kc5 64. Ke4 Kb5 65. Ke5 Ka4 66. d6 Kxa3 67. d7 a4 68. d8=Q 1-0

[Event "CAN-op"]
[Site "Edmonton CAN"]
[Date "2009.07.18"]
[Round "8.76"]
[White "Kassam, Jamil"]
[Black "Asquith, Tom"]
[Result "1-0"]
[WhiteElo "1334"]
[BlackElo "1753"]
[PlyCount "97"]
[GameId "2160767910156315"]
[EventDate "2009.07.11"]
[EventType "swiss"]
[EventRounds "9"]
[EventCountry "CAN"]
[SourceTitle "hb 2009.08"]

1. e4 c5 2. c3 Nf6 3. e5 Nd5 4. d4 cxd4 5. cxd4 Nc6 6. Bc4 Nb6 7. Bb3 d5 8. Nc3 Bf5 9. f4 e6 10. Nf3 Be7 11. O-O O-O 12. Bc2 Bxc2 13. Qxc2 f6 14. Be3 Rc8 15. Qd2 Nc4 16. Qe2 a6 17. b3 Na3 18. Rac1 Bb4 19. Na4 Nb5 20. Nc5 Bxc5 21. Rxc5 b6 22. Rcc1 Nb4 23. a3 Nc6 24. a4 Nba7 25. Qxa6 Qd7 26. Qe2 Qe7 27. exf6 Rxf6 28. Ne5 Qb4 29. Qd3 Rff8 30. Nf3 Ne7 31. Ng5 Ng6 32. Nxe6 Rfe8 33. f5 Ne7 34. Ng5 Rxc1 35. Bxc1 Rf8 36. f6 Ng6 37. f7+ Kh8 38. h4 h6 39. Qxg6 Qxd4+ 40. Kh2 Qxh4+ 41. Nh3 Nc8 42. Bb2 d4 43. Rf4 Ne7 44. Qxb6 Qh5 45. Qxd4 Qg6 46. Rg4 Qxf7 47. Rxg7 Qf1 48. Rg8+ Kh7 49. Qg7# 1-0

[Event "CAN-op"]
[Site "Edmonton CAN"]
[Date "2009.07.18"]
[Round "8.77"]
[White "Medvedev, Gennadi"]
[Black "Huang, Zhonglin"]
[Result "1-0"]
[WhiteElo "1702"]
[BlackElo "1515"]
[PlyCount "45"]
[GameId "2160767910156316"]
[EventDate "2009.07.11"]
[EventType "swiss"]
[EventRounds "9"]
[EventCountry "CAN"]
[SourceTitle "hb 2009.08"]

1. e4 c5 2. Nf3 Nc6 3. Bc4 e6 4. O-O d5 5. exd5 exd5 6. Re1+ Be7 7. Bb5 a6 8. Bxc6+ bxc6 9. d3 Nf6 10. Bg5 O-O 11. c3 Bg4 12. Nbd2 Qd7 13. Qa4 Bd6 14. Bxf6 gxf6 15. h3 Bxh3 16. gxh3 c4 17. Kf1 Rfe8 18. Ng1 Qf5 19. Qc2 Bg3 20. Ndf3 cxd3 21. Qa4 Rxe1+ 22. Rxe1 d2 23. Rd1 1-0

[Event "CAN-op"]
[Site "Edmonton CAN"]
[Date "2009.07.18"]
[Round "8.78"]
[White "Reuter, Gerhard"]
[Black "Thomson, Bruce"]
[Result "1-0"]
[WhiteElo "1666"]
[BlackElo "1555"]
[PlyCount "79"]
[GameId "2160767910156317"]
[EventDate "2009.07.11"]
[EventType "swiss"]
[EventRounds "9"]
[EventCountry "CAN"]
[SourceTitle "hb 2009.08"]

1. e4 e5 2. Nf3 Nc6 3. Bc4 Bc5 4. c3 Nf6 5. d3 O-O 6. b4 Be7 7. b5 Na5 8. Nxe5 Nxc4 9. Nxc4 d5 10. Ncd2 dxe4 11. dxe4 Qd3 12. Qe2 Qxe2+ 13. Kxe2 b6 14. Ba3 Re8 15. f3 Bxa3 16. Nxa3 a6 17. c4 Bd7 18. Rhb1 axb5 19. Nxb5 Bxb5 20. cxb5 Nd7 21. Nb3 f5 22. Rc1 Rac8 23. Nd2 Nc5 24. Rc4 Re7 25. Rac1 h6 26. R1c3 Ra8 27. a3 Ra4 28. Rxa4 Nxa4 29. Rc4 Nc5 30. Ke3 Rd7 31. Rd4 Rxd4 32. Kxd4 fxe4 33. Nxe4 Ne6+ 34. Ke5 Kf7 35. h4 Ke7 36. g4 Kf7 37. f4 g6 38. g5 hxg5 39. Nxg5+ Nxg5 40. hxg5 1-0

[Event "CAN-op"]
[Site "Edmonton CAN"]
[Date "2009.07.18"]
[Round "8.79"]
[White "Robertson, Trevor"]
[Black "Frier, Ken"]
[Result "1-0"]
[WhiteElo "1651"]
[BlackElo "1426"]
[PlyCount "97"]
[GameId "2160767910156318"]
[EventDate "2009.07.11"]
[EventType "swiss"]
[EventRounds "9"]
[EventCountry "CAN"]
[SourceTitle "hb 2009.08"]

1. d4 d5 2. c4 e6 3. Nf3 Nf6 4. Nc3 Be7 5. e3 O-O 6. Bd3 Nbd7 7. cxd5 Nxd5 8. e4 Nxc3 9. bxc3 Re8 10. O-O c6 11. Bf4 b6 12. e5 Bb7 13. Qd2 Nf8 14. Bg5 Bxg5 15. Qxg5 Qxg5 16. Nxg5 Rac8 17. Ne4 Rc7 18. Nd6 Rd8 19. Rac1 Ba8 20. f4 h6 21. g4 Ng6 22. Bxg6 fxg6 23. f5 gxf5 24. gxf5 exf5 25. Rxf5 Rf8 26. Rcf1 Rxf5 27. Rxf5 Bb7 28. e6 Ba6 29. c4 Re7 30. Re5 g6 31. c5 bxc5 32. dxc5 Kg7 33. Nf7 Bc4 34. Nd8 Bxa2 35. Nxc6 Rxe6 36. Rxe6 Bxe6 37. Nxa7 Kf7 38. Kf2 Ke7 39. Nc6+ Kd7 40. Nd4 Ba2 41. h4 h5 42. Kf3 Bb1 43. Kf4 Ba2 44. Ke5 Bb1 45. c6+ Kc7 46. Kd5 Ba2+ 47. Kc5 Bb1 48. Nb5+ Kc8 49. Kd6 1-0

[Event "CAN-op"]
[Site "Edmonton CAN"]
[Date "2009.07.18"]
[Round "8.80"]
[White "Sullivan, Brian"]
[Black "McCullough, David"]
[Result "1-0"]
[WhiteElo "1643"]
[BlackElo "1293"]
[PlyCount "67"]
[GameId "2160767910156319"]
[EventDate "2009.07.11"]
[EventType "swiss"]
[EventRounds "9"]
[EventCountry "CAN"]
[SourceTitle "hb 2009.08"]

1. d4 Nf6 2. c4 c5 3. Nf3 e6 4. Nc3 d5 5. cxd5 exd5 6. g3 Nc6 7. Bg2 Bg4 8. dxc5 Bxc5 9. O-O O-O 10. Bg5 d4 11. Bxf6 Qxf6 12. Ne4 Qe7 13. Nxc5 Qxc5 14. Qd3 Rfe8 15. Rfd1 Bf5 16. Qd2 Qc2 17. Rac1 Qxd2 18. Rxd2 Rad8 19. Rcd1 h6 20. Kf1 Re4 21. Nh4 Re5 22. Nxf5 Rxf5 23. Bxc6 bxc6 24. Rxd4 Rb8 25. b3 Rbb5 26. Rd7 a6 27. Rc7 Rbc5 28. Rd2 a5 29. Kg2 f6 30. h4 Rh5 31. Rdd7 Rc2 32. Rxg7+ Kh8 33. Rgd7 Rxe2 34. Rc8+ 1-0

[Event "CAN-op"]
[Site "Edmonton CAN"]
[Date "2009.07.18"]
[Round "8.81"]
[White "Houston, Mike"]
[Black "Smith, Maurice"]
[Result "1/2-1/2"]
[WhiteElo "1269"]
[BlackElo "1635"]
[PlyCount "103"]
[GameId "2160767910156320"]
[EventDate "2009.07.11"]
[EventType "swiss"]
[EventRounds "9"]
[EventCountry "CAN"]
[SourceTitle "hb 2009.08"]

1. c4 Nf6 2. Nc3 g6 3. e4 d6 4. d4 Bg7 5. Nf3 Nc6 6. h3 b6 7. d5 Nb8 8. Be3 Nbd7 9. Rb1 Nc5 10. Qc2 O-O 11. b4 Ncxe4 12. Nxe4 Nxe4 13. Qxe4 Bf5 14. Qh4 Bxb1 15. Bh6 Bxh6 16. Qxh6 f6 17. Nh4 Qe8 18. g4 e6 19. Be2 exd5 20. Kd2 Bxa2 21. Re1 Qf7 22. Bd3 Qg7 23. Qe3 Qf7 24. Qf3 Bxc4 25. Nf5 gxf5 26. Bxf5 Rae8 27. Rg1 Re2+ 28. Kd1 Rfe8 29. g5 Re1+ 30. Rxe1 Rxe1+ 31. Kxe1 Qe7+ 32. Kd2 fxg5 33. Qg4 Qf6 34. h4 Qb2+ 35. Bc2 Qf6 36. Qc8+ Kg7 37. Qxc7+ Qf7 38. Qxd6 Qxf2+ 39. Kc3 Qf6+ 40. Qxf6+ Kxf6 41. hxg5+ Kxg5 42. Bxh7 Kg4 43. Kd4 a5 44. bxa5 bxa5 45. Bg8 a4 46. Bxd5 Bxd5 47. Kc3 a3 48. Kc2 Kf4 49. Kc3 Ke3 50. Kc2 Kd4 51. Kb1 Kc3 52. Ka1 1/2-1/2

[Event "CAN-op"]
[Site "Edmonton CAN"]
[Date "2009.07.18"]
[Round "8.82"]
[White "Goodman, Clifford"]
[Black "Longson, Stan"]
[Result "1-0"]
[WhiteElo "1630"]
[BlackElo "1400"]
[PlyCount "59"]
[GameId "2160767910156321"]
[EventDate "2009.07.11"]
[EventType "swiss"]
[EventRounds "9"]
[EventCountry "CAN"]
[SourceTitle "hb 2009.08"]

1. c4 e6 2. d4 c5 3. Nf3 Nf6 4. g3 Be7 5. Bg2 O-O 6. O-O h6 7. Nc3 cxd4 8. Nxd4 Nc6 9. Nxc6 dxc6 10. e4 Rb8 11. Qxd8 Rxd8 12. Bf4 Ra8 13. a3 Bd7 14. Rfd1 Be8 15. h3 Rxd1+ 16. Rxd1 Rd8 17. Rxd8 Bxd8 18. g4 Nh7 19. Be3 a6 20. c5 Bf6 21. Na4 Nf8 22. f4 Nd7 23. e5 Be7 24. b4 g5 25. Nc3 f6 26. exf6 Bxf6 27. Ne4 Be7 28. fxg5 hxg5 29. Nxg5 e5 30. Ne4 1-0

[Event "CAN-op"]
[Site "Edmonton CAN"]
[Date "2009.07.18"]
[Round "8.83"]
[White "Mawani, Adam"]
[Black "Ventura, Jason"]
[Result "0-1"]
[WhiteElo "1343"]
[BlackElo "1879"]
[PlyCount "58"]
[GameId "2160767910156322"]
[EventDate "2009.07.11"]
[EventType "swiss"]
[EventRounds "9"]
[EventCountry "CAN"]
[SourceTitle "hb 2009.08"]

1. e4 c5 2. Nf3 d6 3. Bc4 e6 4. d4 cxd4 5. Nxd4 Nf6 6. Bg5 Be7 7. Bb5+ Nbd7 8. Nc3 O-O 9. Qd2 a6 10. Ba4 Nc5 11. a3 Nfxe4 12. Nxe4 Nxe4 13. Qe3 Nxg5 14. f4 Qa5+ 15. c3 Qxa4 16. fxg5 e5 17. Qe4 exd4 18. Qxe7 dxc3 19. bxc3 Qc6 20. Kd2 Re8 21. Qxe8+ Qxe8 22. Rhe1 Qc6 23. h3 Qxg2+ 24. Re2 Qd5+ 25. Kc2 Bf5+ 26. Kc1 Rc8 27. Kb2 Qd3 28. Rh2 Qxc3+ 29. Ka2 Be6+ 0-1

[Event "CAN-op"]
[Site "Edmonton CAN"]
[Date "2009.07.18"]
[Round "8.84"]
[White "Cosenza, Aaron"]
[Black "Lefkowitz, Phil"]
[Result "0-1"]
[WhiteElo "1467"]
[BlackElo "1700"]
[PlyCount "90"]
[GameId "2160767910156323"]
[EventDate "2009.07.11"]
[EventType "swiss"]
[EventRounds "9"]
[EventCountry "CAN"]
[SourceTitle "hb 2009.08"]

1. e4 c6 2. Nc3 d5 3. d4 dxe4 4. Nxe4 Bf5 5. Nc5 e6 6. Nb3 Nf6 7. Bg5 Nbd7 8. Nf3 h6 9. Bd2 Bd6 10. Be2 O-O 11. O-O Rc8 12. Be3 Qc7 13. c3 Ng4 14. g3 Nxe3 15. fxe3 Bh3 16. Qe1 Nf6 17. Nbd2 Bxf1 18. Bxf1 e5 19. dxe5 Bxe5 20. Nxe5 Qxe5 21. Qf2 Ng4 22. Qf4 Qxe3+ 23. Qxe3 Nxe3 24. Bh3 Rcd8 25. Nf3 Rd1+ 26. Rxd1 Nxd1 27. Bd7 Rd8 28. Ne5 Nxb2 29. Bg4 Rd5 30. Nf3 Ra5 31. Bc8 b6 32. Bb7 c5 33. Ne5 Rxa2 34. Bd5 Ra1+ 35. Kg2 Rd1 36. Bxf7+ Kf8 37. Bh5 Rd2+ 38. Kh3 a5 39. c4 Ke7 40. Nc6+ Kf6 41. Bf3 Nxc4 42. Na7 Ne3 43. Nb5 g5 44. g4 Nf1 45. Bg2 Rd3+ 0-1

[Event "CAN-op"]
[Site "Edmonton CAN"]
[Date "2009.07.18"]
[Round "8.85"]
[White "Sponga, George"]
[Black "Reichert, Wayne"]
[Result "1-0"]
[WhiteElo "1671"]
[BlackElo "1146"]
[PlyCount "71"]
[GameId "2160767910156324"]
[EventDate "2009.07.11"]
[EventType "swiss"]
[EventRounds "9"]
[EventCountry "CAN"]
[SourceTitle "hb 2009.08"]

1. e4 c5 2. Bc4 e6 3. Nc3 a6 4. a3 Nc6 5. Nf3 d6 6. Ne2 Nf6 7. c3 Nxe4 8. Bd3 Nf6 9. b4 Be7 10. Qc2 d5 11. Ng3 c4 12. Be2 b5 13. O-O O-O 14. d3 h6 15. dxc4 dxc4 16. h3 Qc7 17. Nh2 Bd6 18. f4 Ne7 19. Nh5 Qb6+ 20. Kh1 Nxh5 21. Bxh5 Qc7 22. g3 Bb7+ 23. Bf3 Bxf3+ 24. Rxf3 f5 25. Be3 Qc6 26. Qe2 Nd5 27. Bd4 Nf6 28. Qxe6+ Kh7 29. Qxf5+ Kh8 30. Qg6 Be7 31. Re1 Qc7 32. Rfe3 Rae8 33. Ng4 Qb7+ 34. Kh2 Nxg4+ 35. hxg4 Qd7 36. Qxg7# 1-0

[Event "CAN-op"]
[Site "Edmonton CAN"]
[Date "2009.07.18"]
[Round "8.87"]
[White "Magnusson, Saul"]
[Black "McCleary, Rick"]
[Result "1-0"]
[WhiteElo "1568"]
[BlackElo "1140"]
[PlyCount "85"]
[GameId "2160767910156325"]
[EventDate "2009.07.11"]
[EventType "swiss"]
[EventRounds "9"]
[EventCountry "CAN"]
[SourceTitle "hb 2009.08"]

1. e4 e6 2. d4 d5 3. Nc3 Bb4 4. e5 c5 5. a3 Bxc3+ 6. bxc3 Nc6 7. Qg4 Nge7 8. Bd3 Nf5 9. Bxf5 exf5 10. Qxg7 Rf8 11. Ne2 Bd7 12. Bh6 Qe7 13. Nf4 O-O-O 14. Nxd5 Qe6 15. Nf4 Qc4 16. Qg3 Rfe8 17. Qd3 Qa4 18. Bg5 cxd4 19. cxd4 Nxd4 20. O-O Ne6 21. Nxe6 fxe6 22. Bxd8 Rxd8 23. Rfd1 Qc6 24. Rab1 Rg8 25. Qxd7+ Qxd7 26. Rxd7 Kxd7 27. Rxb7+ Kc6 28. Rxa7 Rb8 29. f4 h5 30. Kf2 Rb2 31. Kg3 Rxc2 32. Ra6+ Kd5 33. Kh3 Ke4 34. g3 Ra2 35. a4 Kd5 36. a5 Kc5 37. Ra8 Kb5 38. a6 Rxa6 39. Rxa6 Kxa6 40. Kh4 Kb6 41. Kxh5 Kc6 42. Kg6 Kd7 43. Kf7 1-0

[Event "CAN-op"]
[Site "Edmonton CAN"]
[Date "2009.07.18"]
[Round "8.88"]
[White "Nolan, Pat"]
[Black "Virji, Naveed"]
[Result "1/2-1/2"]
[WhiteElo "1529"]
[BlackElo "1371"]
[PlyCount "57"]
[GameId "2160767910156326"]
[EventDate "2009.07.11"]
[EventType "swiss"]
[EventRounds "9"]
[EventCountry "CAN"]
[SourceTitle "hb 2009.08"]

1. d4 d5 2. Nf3 Bg4 3. e3 Nc6 4. c3 e5 5. dxe5 Nxe5 6. Nbd2 Nf6 7. Be2 Bxf3 8. Bxf3 Nd3+ 9. Kf1 Qd7 10. Nb3 Nxc1 11. Rxc1 O-O-O 12. h3 Re8 13. Nd4 Bc5 14. Qb3 Bxd4 15. cxd4 Re6 16. Be2 Ne4 17. Rc2 a6 18. Bg4 Rhe8 19. Bxe6 Qxe6 20. f3 Ng3+ 21. Kg1 Nxh1 22. Kxh1 Qxe3 23. Qxd5 Qe6 24. Qc5 c6 25. d5 Qd7 26. dxc6 bxc6 27. Qxc6+ Qxc6 28. Rxc6+ Kb7 29. Rd6 1/2-1/2

[Event "CAN-op"]
[Site "Edmonton CAN"]
[Date "2009.07.18"]
[Round "8.90"]
[White "Quiring, John"]
[Black "Merkowsky, Mark"]
[Result "1-0"]
[WhiteElo "1846"]
[BlackElo "1466"]
[PlyCount "55"]
[GameId "2160767910156327"]
[EventDate "2009.07.11"]
[EventType "swiss"]
[EventRounds "9"]
[EventCountry "CAN"]
[SourceTitle "hb 2009.08"]

1. e4 d6 2. Bc4 Nf6 3. d3 g6 4. f4 Bg7 5. Nf3 c6 6. Nc3 b5 7. Bb3 O-O 8. Bd2 Bg4 9. O-O e6 10. h3 Bh5 11. g4 Nxg4 12. hxg4 Bxg4 13. Qe1 Bxf3 14. Rxf3 Nd7 15. Nd1 Bd4+ 16. Be3 Qf6 17. c3 Bb6 18. Qf2 d5 19. Bxb6 axb6 20. Ne3 dxe4 21. dxe4 Nc5 22. Ng4 Qe7 23. Rd1 Nxe4 24. Qd4 Qh4 25. Ne5 Rfd8 26. Qxe4 Rxd1+ 27. Bxd1 Rd8 28. Rd3 1-0

[Event "CAN-op"]
[Site "Edmonton CAN"]
[Date "2009.07.18"]
[Round "8.91"]
[White "Dattani, Dinesh"]
[Black "MacFie, Matthew"]
[Result "1-0"]
[WhiteElo "1380"]
[BlackElo "1185"]
[PlyCount "71"]
[GameId "2160767910156328"]
[EventDate "2009.07.11"]
[EventType "swiss"]
[EventRounds "9"]
[EventCountry "CAN"]
[SourceTitle "hb 2009.08"]

1. e4 d6 2. d4 Nf6 3. Nc3 e6 4. Nf3 Be7 5. Be2 Nc6 6. h3 O-O 7. O-O a5 8. Bf4 Nh5 9. Bh2 Bd7 10. Qd2 Qb8 11. a3 Qa7 12. Rad1 Bf6 13. e5 dxe5 14. Nxe5 Rad8 15. Bxh5 Qb6 16. b3 Be8 17. Qe3 Nxd4 18. Ng4 Bb5 19. Nxf6+ Kh8 20. Nxb5 Ne2+ 21. Qxe2 Rc8 22. Nd7 Rfd8 23. Nxb6 cxb6 24. Rxd8+ Rxd8 25. Rd1 Rf8 26. Qd2 Kg8 27. Qd7 g6 28. Bf3 Kg7 29. Be5+ Kh6 30. Nd6 f5 31. Bf4+ g5 32. Nf7+ Kg6 33. Rd6 Kf6 34. Rxe6+ Kg7 35. Be5+ Kg8 36. Nh6# 1-0

[Event "CAN-op"]
[Site "Edmonton CAN"]
[Date "2009.07.18"]
[Round "8.92"]
[White "Situ, Dennis"]
[Black "Ludwig, Michael"]
[Result "1-0"]
[WhiteElo "1370"]
[BlackElo "1413"]
[PlyCount "103"]
[GameId "2160767910156329"]
[EventDate "2009.07.11"]
[EventType "swiss"]
[EventRounds "9"]
[EventCountry "CAN"]
[SourceTitle "hb 2009.08"]

1. e4 e5 2. Nf3 Nc6 3. d4 Nf6 4. Bb5 a6 5. Bxc6 dxc6 6. Nxe5 Nxe4 7. Qf3 Nf6 8. Be3 Bd6 9. O-O O-O 10. Nc3 Re8 11. Qg3 Bxe5 12. dxe5 Nd5 13. Bh6 g6 14. Ne4 Bf5 15. f3 Ne3 16. Bxe3 Bxe4 17. fxe4 Qe7 18. Qf4 Kh8 19. Qf2 Qxe5 20. Bd4 Qxd4 21. Qxd4+ Kg8 22. Rae1 Rad8 23. Qc3 Rd6 24. e5 Rde6 25. Rf6 Rxf6 26. exf6 Re6 27. Rxe6 fxe6 28. Qe5 Kf7 29. Kf2 h5 30. Kg3 b5 31. Kh4 c5 32. Qxc5 Kxf6 33. Qxc7 a5 34. Qf4+ Ke7 35. Kg5 b4 36. Kxg6 b3 37. cxb3 a4 38. bxa4 h4 39. Qxh4+ Kd6 40. Qd4+ Ke7 41. Qe5 Kd7 42. Kf6 Kc6 43. Qxe6+ Kc5 44. Qe4 Kd6 45. Qf5 Kc6 46. Qe5 Kb6 47. Qd5 Ka6 48. Qb5+ Ka7 49. Ke7 Ka8 50. Kd7 Ka7 51. Kc7 Ka8 52. Qb7# 1-0

[Event "CAN-op"]
[Site "Edmonton CAN"]
[Date "2009.07.18"]
[Round "8.93"]
[White "Pavlic, Stephen"]
[Black "Durupala, Rishi"]
[Result "0-1"]
[WhiteElo "1341"]
[BlackElo "1075"]
[PlyCount "120"]
[GameId "2160767910156330"]
[EventDate "2009.07.11"]
[EventType "swiss"]
[EventRounds "9"]
[EventCountry "CAN"]
[SourceTitle "hb 2009.08"]

1. f4 d5 2. e3 Nf6 3. Nf3 Bf5 4. Be2 Nc6 5. c3 e6 6. O-O Bd6 7. d4 O-O 8. b3 Be4 9. Bb2 Re8 10. Nbd2 Bf5 11. Re1 Ne4 12. c4 Nxd2 13. Qxd2 Nb4 14. Rec1 dxc4 15. bxc4 Nc6 16. c5 Bf8 17. a4 g6 18. h3 e5 19. fxe5 Nxe5 20. Nxe5 Rxe5 21. Bd3 Bxd3 22. Qxd3 Bg7 23. Re1 Rf5 24. Rab1 Rg5 25. Bc1 Bh6 26. Rxb7 Qd5 27. e4 Qxb7 28. Bxg5 Bxg5 29. Rb1 Qc8 30. Qg3 Bf6 31. e5 Bg7 32. Qf3 Rb8 33. Rxb8 Qxb8 34. Kh2 Qb4 35. Qd1 f6 36. e6 Kf8 37. c6 Qd6+ 38. Kh1 Qxe6 39. d5 Qd6 40. Qd4 a5 41. Qa7 Qxd5 42. Qxc7 f5 43. Qc8+ Ke7 44. c7 Be5 45. Kg1 Qd1+ 46. Kf2 Qd4+ 47. Ke2 Qc4+ 48. Ke3 Qxc7 49. Qxc7+ Bxc7 50. Kd4 Bd6 51. Kc4 Bb4 52. Kd3 Kf6 53. Ke3 Kg5 54. g3 h5 55. Kf3 h4 56. g4 fxg4+ 57. hxg4 h3 58. Kg3 h2 59. Kxh2 Kxg4 60. Kg2 g5 0-1

[Event "CAN-op"]
[Site "Edmonton CAN"]
[Date "2009.07.18"]
[Round "8.94"]
[White "MacKay, David"]
[Black "Prime, Keith"]
[Result "1/2-1/2"]
[WhiteElo "1184"]
[BlackElo "1203"]
[PlyCount "139"]
[GameId "2160767910156331"]
[EventDate "2009.07.11"]
[EventType "swiss"]
[EventRounds "9"]
[EventCountry "CAN"]
[SourceTitle "hb 2009.08"]

1. Nf3 h6 2. e4 a6 3. d4 e6 4. Nc3 c6 5. Bd3 Bb4 6. Bd2 b5 7. a3 Ba5 8. b4 Bb6 9. O-O Bb7 10. Ne2 Nf6 11. e5 Nd5 12. Ng3 d6 13. c4 bxc4 14. Bxc4 g5 15. Bxd5 cxd5 16. Nh5 g4 17. Ne1 Bxd4 18. Rc1 Bxe5 19. Bc3 Qg5 20. Bxe5 dxe5 21. Ng3 Nd7 22. Rc7 Bc8 23. Nd3 Rb8 24. Qa4 e4 25. Nc5 Qd8 26. Rc6 O-O 27. Nxa6 Ra8 28. Qb5 Ne5 29. Rb6 Nc4 30. Rc6 Nxa3 31. Qa4 Nc4 32. Rxc4 dxc4 33. b5 Qd3 34. Rd1 Qb3 35. Qxb3 cxb3 36. Rb1 Bxa6 37. bxa6 f5 38. Rxb3 Rxa6 39. h3 Ra4 40. Ne2 e5 41. hxg4 fxg4 42. Kh2 Rxf2 43. Rb2 e3 44. Kg3 Rc4 45. Kh2 Kg7 46. Kh1 Kg6 47. Kh2 Kg5 48. Kh1 Kh4 49. Kh2 g3+ 50. Kh1 Rf1+ 51. Ng1 Rcc1 52. Rb4+ Kg5 53. Rg4+ Kh5 54. Rh4+ Kg6 55. Rg4+ Kf5 56. Rg5+ Ke4 57. Rg4+ Kd3 58. Rd4+ Kc2 59. Rc4+ Kd2 60. Rd4+ Kc2 61. Rc4+ Kd3 62. Rd4+ Kc3 63. Rc4+ Kb3 64. Rb4+ Kc2 65. Rc4+ Kd2 66. Rd4+ Kc2 67. Rc4+ Kd3 68. Rd4+ Kc2 69. Rc4+ Kd1 70. Rd4+ 1/2-1/2

[Event "CAN-op"]
[Site "Edmonton CAN"]
[Date "2009.07.18"]
[Round "8.95"]
[White "Orr, Douglas"]
[Black "Green, Leah"]
[Result "1-0"]
[WhiteElo "1424"]
[BlackElo "1298"]
[PlyCount "125"]
[GameId "2160767910156332"]
[EventDate "2009.07.11"]
[EventType "swiss"]
[EventRounds "9"]
[EventCountry "CAN"]
[SourceTitle "hb 2009.08"]

1. d4 d5 2. c4 Nf6 3. Nc3 Nc6 4. Nf3 Bg4 5. cxd5 Nxd5 6. Nxd5 Qxd5 7. e3 e6 8. h3 Bb4+ 9. Bd2 Bxd2+ 10. Qxd2 Bxf3 11. gxf3 Qxf3 12. Rg1 g6 13. Bg2 Qh5 14. Rc1 Qb5 15. Rc5 Qa6 16. a3 O-O-O 17. Bf1 Qa5 18. Rxa5 Nxa5 19. Qxa5 Kb8 20. Bg2 Rd6 21. Ke2 Rb6 22. Rb1 Rd8 23. Qe5 a6 24. b4 Rd7 25. Qh8+ Ka7 26. Qc8 Rdd6 27. Rc1 Rb5 28. Rxc7 Rdb6 29. Rxf7 h5 30. Rxb7+ Rxb7 31. Bxb7 Rxb7 32. Qc5+ Rb6 33. a4 Kb7 34. Qe7+ Ka8 35. Qc5 Rb7 36. Qc6 Kb8 37. Qe8+ Ka7 38. b5 axb5 39. axb5 Rb6 40. Qe7+ Rb7 41. Qc5+ Rb6 42. Kf3 Kb7 43. Kf4 h4 44. Kg5 Ka7 45. Kxh4 g5+ 46. Kxg5 e5 47. dxe5 Ka8 48. e6 Kb7 49. Qxb6+ Kxb6 50. e7 Kb7 51. e8=Q Kb6 52. Qd7 Ka5 53. Qb7 Ka4 54. Qd5 Kb4 55. Qd4+ Kxb5 56. Kf5 Kc6 57. Ke5 Kc7 58. Qd6+ Kc8 59. Kd5 Kb7 60. Qc6+ Ka7 61. Qb5 Ka8 62. Kc6 Ka7 63. Qb7# 1-0

[Event "CAN-op"]
[Site "Edmonton CAN"]
[Date "2009.07.19"]
[Round "9"]
[White "Jablon, Stephen"]
[Black "Hambleton, Aman"]
[Result "0-1"]
[WhiteElo "1985"]
[BlackElo "2052"]
[PlyCount "50"]
[GameId "2160767910156334"]
[EventDate "2009.07.11"]
[EventType "swiss"]
[EventRounds "9"]
[EventCountry "CAN"]
[SourceTitle "CBM 132 Extra"]
[Source "ChessBase"]
[SourceDate "2009.11.03"]
[SourceVersion "1"]
[SourceVersionDate "2009.11.03"]
[SourceQuality "1"]

1. d4 Nf6 2. c4 c5 3. d5 b5 4. cxb5 a6 5. Nc3 axb5 6. Nxb5 Ba6 7. Nc3 g6 8. g3 d6 9. Bg2 Bg7 10. Nf3 O-O 11. Rb1 Bb7 12. O-O Na6 13. Bg5 Nb4 14. Qb3 Rb8 15. e4 Ba6 16. Bxf6 Bxf6 17. Rfd1 Bd3 18. Rxd3 Nxd3 19. Nb5 Qa5 20. a4 c4 21. Qa3 Qb6 22. b4 Qxf2+ 23. Kh1 Qe3 24. h3 Rxb5 25. Qa2 Rxb4 0-1

[Event "CAN-op"]
[Site "Edmonton CAN"]
[Date "2009.07.19"]
[Round "9"]
[White "Shah, Omar"]
[Black "Daswani, Benedict"]
[Result "1-0"]
[WhiteElo "1883"]
[BlackElo "2043"]
[PlyCount "103"]
[GameId "2160767910156337"]
[EventDate "2009.07.11"]
[EventType "swiss"]
[EventRounds "9"]
[EventCountry "CAN"]
[SourceTitle "CBM 132 Extra"]
[Source "ChessBase"]
[SourceDate "2009.11.03"]
[SourceVersion "1"]
[SourceVersionDate "2009.11.03"]
[SourceQuality "1"]

1. e4 d6 2. d4 Nf6 3. Nc3 g6 4. Be3 c6 5. Qd2 b5 6. Bd3 Nbd7 7. Nf3 e5 8. O-O-O b4 9. Ne2 exd4 10. Nexd4 c5 11. Ne2 Qa5 12. Kb1 Bb7 13. Bg5 Bg7 14. Bh6 O-O 15. Bxg7 Kxg7 16. Ng3 Nb6 17. Qg5 Bc8 18. Nh4 Nbd7 19. Nhf5+ Kh8 20. Nxd6 Rb8 21. h4 Qc7 22. Bc4 Rb6 23. e5 Ba6 24. h5 Rxd6 25. exd6 Qc6 26. Bxa6 Qxa6 27. hxg6 fxg6 28. Rhe1 c4 29. Re7 c3 30. Qh6 Rg8 31. Rh1 Nf8 32. Ne4 Nh5 33. Ng5 Rg7 34. Rxg7 Nxg7 35. Nxh7 Kg8 36. Ng5 Nh5 37. g4 Qc6 38. Rd1 Nf6 39. Ne6 Nxe6 40. Qxg6+ Ng7 41. Qxf6 Qd7 42. f3 a5 43. Re1 Qb5 44. Qd8+ Kh7 45. f4 Qd5 46. Qe7 a4 47. Qe4+ Qxe4 48. Rxe4 b3 49. d7 a3 50. d8=Q cxb2 51. Qg5 Ne8 52. Re7+ 1-0